Na hranicích rušno, ve směnárnách oživení.

Rozvoj zahraničného cestovného ruchu v ČR a porovnanie s krajinami združenými v OECD. Hodnotenie počtu prichádzajúcich návštevníkov a porovnanie s počtom prenocovaní v ČR. Sezónnosť a indexy zahraničnej návštevnosti ČR a nákupu valút. Stagnácia zahraničných výjazdov z ČR. Vývoj zahraničného cestovné...

Ausführliche Beschreibung

Gespeichert in:
Bibliographische Detailangaben
1. Verfasser: Simonian, Aram
Format: Buchkapitel
Sprache:Tschechisch
Schlagworte:
Tags: Tag hinzufügen
Keine Tags, Fügen Sie das erste Tag hinzu!

MARC

LEADER 00000naa a2200000 4500
001 r012614
005 20220826094655.5
041 0 |a cze 
044 |a CZ 
245 1 0 |a Na hranicích rušno, ve směnárnách oživení.  |c A. Simonian 
520 |a Rozvoj zahraničného cestovného ruchu v ČR a porovnanie s krajinami združenými v OECD. Hodnotenie počtu prichádzajúcich návštevníkov a porovnanie s počtom prenocovaní v ČR. Sezónnosť a indexy zahraničnej návštevnosti ČR a nákupu valút. Stagnácia zahraničných výjazdov z ČR. Vývoj zahraničného cestovného ruchu v európskych štátoch v r. 1992. 
610 2 0 |a ruch cestovný zahraničný 
610 2 0 |a Čechy 
610 2 0 |a Slovensko 
610 2 0 |a západná Európa 
610 2 0 |a 1992 
610 2 0 |a 1990-1992 
610 2 0 |a príjmy 
610 2 0 |a valuty 
610 2 0 |a údaje štatistické 
100 1 |a Simonian, Aram